[Event "31st Bulgarian Open Chmpionshi"]
[Site "Plovdiv, Bulgaria"]
[Date "2009.02.02"]
[Round "3.29"]
[White "Stoyanov, Stoyan H"]
[Black "Vasilev, Vasil Aleksandrov"]
[Result "0-1"]
[WhiteElo "2137"]
[BlackElo "2306"]
[PlyCount "126"]
[EventDate "2009.02.01"]

1. d4 d5 2. c4 Nc6 3. e3 e5 4. cxd5 Qxd5 5. Nc3 Bb4 6. a3 Bxc3+ 7. bxc3 Nf6 8.
c4 Qd6 9. d5 Ne7 10. a4 Nd7 11. Ba3 Nc5 12. Nf3 Bg4 13. Be2 Bxf3 14. Bxf3 O-O
15. O-O b6 16. Qc2 f5 17. Rfd1 Ng6 18. Rab1 e4 19. Be2 Ne5 20. Bxc5 bxc5 21.
Rb7 Nd7 22. Rdb1 a6 23. a5 Rf6 24. g3 g5 25. Kg2 Re8 26. Qa4 Ref8 27. Qc6 Qxc6
28. dxc6 Ne5 29. f4 exf3+ 30. Bxf3 Nxf3 31. Kxf3 Rxc6 32. Rb8 Re6 33. Rxf8+
Kxf8 34. Rb7 Re4 35. Rxc7 Rxc4 36. Rc6 Ke7 37. Rxa6 Ra4 38. Ra7+ Kd6 39. a6 Kd5
40. Rd7+ Kc6 41. Rxh7 g4+ 42. Ke2 Rxa6 43. h3 Ra2+ 44. Kd3 gxh3 45. Rxh3 Kd5
46. Rh8 c4+ 47. Kc3 Ra3+ 48. Kd2 Rd3+ 49. Ke2 Kc5 50. Rb8 Rd5 51. Rc8+ Kb4 52.
Rb8+ Ka3 53. Rc8 Kb3 54. Rb8+ Kc2 55. Rc8 c3 56. g4 fxg4 57. e4 Rd3 58. e5 g3
59. Rg8 Rd5 60. Ke3 Rxe5+ 61. Kd4 Re7 62. Rxg3 Kb2 63. Kc4 c2 0-1

[Event "31st Bulgarian Open Chmpionshi"]
[Site "Plovdiv, Bulgaria"]
[Date "2009.02.02"]
[Round "3.30"]
[White "Todorov, Ognjan"]
[Black "Dorosiev, Bobi"]
[Result "1-0"]
[WhiteElo "2303"]
[BlackElo "2132"]
[PlyCount "75"]
[EventDate "2009.02.01"]

1. d4 d6 2. Nf3 g6 3. c4 Bg7 4. Nc3 Bg4 5. e3 Nf6 6. Be2 Nc6 7. O-O O-O 8. h3
Bf5 9. d5 Nb8 10. Nd4 Bd7 11. e4 c5 12. Nf3 Na6 13. Bf4 Nc7 14. e5 dxe5 15.
Nxe5 Nce8 16. Re1 Nd6 17. g4 a6 18. a4 b6 19. Bf3 Ra7 20. Qd2 Re8 21. b3 Qc8
22. Rad1 h5 23. Nc6 Bxc6 24. dxc6 Rd8 25. Qe2 hxg4 26. hxg4 Nfe8 27. Nd5 e6 28.
Nxb6 Qc7 29. Nd7 Bc3 30. Bd2 Bd4 31. Be3 Bxe3 32. Qxe3 Rxd7 33. cxd7 Qxd7 34.
Qxc5 Qe7 35. Kg2 a5 36. Qe5 Nb7 37. Qb8 Nc5 38. Rd8 1-0

[Event "31st Bulgarian Open Chmpionshi"]
[Site "Plovdiv, Bulgaria"]
[Date "2009.02.02"]
[Round "3.31"]
[White "Nikolov, Jordan"]
[Black "Dinev, Dejan"]
[Result "0-1"]
[WhiteElo "2130"]
[BlackElo "2303"]
[PlyCount "104"]
[EventDate "2009.02.01"]

1. e4 c5 2. c3 e6 3. d4 d5 4. e5 Nc6 5. Nf3 Nge7 6. Na3 Nf5 7. Nc2 Be7 8. dxc5
Bxc5 9. b4 Be7 10. b5 Na5 11. Ne3 O-O 12. Bd3 Bd7 13. O-O Rc8 14. Bxf5 exf5 15.
Nd4 Rxc3 16. Nxd5 Rc8 17. Nxe7+ Qxe7 18. Re1 Nc4 19. Qh5 Qc5 20. Nxf5 Bxf5 21.
Qxf5 Qxb5 22. Bg5 b6 23. Re4 Rc6 24. Rh4 g6 25. Qf4 Qxe5 26. Qxe5 Nxe5 27. Ra4
f6 28. Bf4 Nd3 29. Bh6 Ra8 30. Rd1 Nb2 31. Rad4 Nxd1 32. Rxd1 Rc7 33. h4 Kf7
34. Bf4 Re7 35. Rd3 Rc8 36. a3 Rc4 37. g3 h5 38. Kg2 Rc6 39. Kf3 Ke8 40. Rb3
Kd7 41. Rd3+ Kc8 42. Rb3 Kb7 43. Rd3 Ka6 44. Rb3 Rc2 45. Rd3 Re6 46. Be3 Kb5
47. Rd4 Ra2 48. Rb4+ Ka5 49. Rb3 Ka4 50. Rd3 Rxa3 51. Rd7 a5 52. Rg7 f5 0-1

[Event "31st Bulgarian Open Chmpionshi"]
[Site "Plovdiv, Bulgaria"]
[Date "2009.02.02"]
[Round "3.32"]
[White "Janev, Tihomir"]
[Black "Angelov, Bojan"]
[Result "1-0"]
[WhiteElo "2297"]
[BlackElo "1990"]
[PlyCount "97"]
[EventDate "2009.02.01"]

1. Nf3 Nf6 2. c4 e6 3. Nc3 d5 4. d4 Be7 5. Bg5 O-O 6. e3 Nbd7 7. cxd5 exd5 8.
Bd3 Re8 9. Qc2 Nf8 10. O-O c6 11. Rfe1 Ne4 12. Bxe7 Qxe7 13. Nd2 f5 14. f3 Nxd2
15. Qxd2 Be6 16. a3 Rad8 17. b4 a6 18. Na4 Qf6 19. Nc5 Bc8 20. Bc2 Re7 21. Nd3
Ng6 22. f4 Be6 23. a4 Nh4 24. Ne5 g5 25. Kh1 Rf8 26. b5 axb5 27. axb5 Bd7 28.
Ra7 Be8 29. bxc6 bxc6 30. Rea1 Ng6 31. R7a6 Re6 32. Rb1 Nxe5 33. dxe5 Qh6 34.
Qf2 Qh5 35. Bd1 Qg6 36. Qa2 Qh6 37. Bb3 Kh8 38. Qf2 Qh5 39. Bd1 Qh6 40. Rbb6
Bd7 41. Ra7 Be8 42. Rbb7 g4 43. Qd2 Qh4 44. Bc2 Rh6 45. g3 Qh3 46. Kg1 Re6 47.
Qb4 Rg8 48. Bxf5 Rh6 49. Rxh7+ 1-0

[Event "31st Bulgarian Open Chmpionshi"]
[Site "Plovdiv, Bulgaria"]
[Date "2009.02.02"]
[Round "3.33"]
[White "Krumova, Ani"]
[Black "Galunov, Todor"]
[Result "0-1"]
[WhiteElo "1812"]
[BlackElo "2297"]
[PlyCount "72"]
[EventDate "2009.02.01"]

1. e4 e6 2. d4 d5 3. exd5 exd5 4. c4 Nf6 5. Nc3 Be7 6. Nf3 O-O 7. Bd3 Nc6 8.
cxd5 Nb4 9. Bb1 Bg4 10. O-O Nbxd5 11. h3 Bh5 12. Ne4 Nxe4 13. Bxe4 c6 14. Qd3
Nf6 15. Bf5 Bxf3 16. Qxf3 Qxd4 17. Rd1 Qe5 18. Be3 Rfd8 19. Re1 Qd5 20. Rad1
Qxf3 21. gxf3 Nd5 22. Bc2 Bf6 23. Bc1 g6 24. a3 Kg7 25. b4 a5 26. Bd2 axb4 27.
Bxb4 Nxb4 28. axb4 Ra2 29. Rxd8 Bxd8 30. Be4 Bb6 31. Rf1 Rb2 32. Kg2 Rxb4 33.
h4 h5 34. Kg3 Rb2 35. f4 Rb4 36. Re1 Bc7 0-1

[Event "31st Bulgarian Open Chmpionshi"]
[Site "Plovdiv, Bulgaria"]
[Date "2009.02.02"]
[Round "3.34"]
[White "Yordanova, Svetla"]
[Black "Stanojoski, Zvonko"]
[Result "0-1"]
[WhiteElo "2202"]
[BlackElo "2493"]
[PlyCount "26"]
[EventDate "2009.02.01"]

1. e4 c5 2. c3 Qa5 3. Nf3 Nc6 4. Bc4 b5 5. Bb3 c4 6. Bc2 b4 7. Qe2 b3 8. Bd1
Qxa2 9. Qxc4 Qxa1 10. Bxb3 e6 11. Ba2 a5 12. O-O Ba6 13. Qa4 Bb5 0-1

[Event "31st Bulgarian Open Chmpionshi"]
[Site "Plovdiv, Bulgaria"]
[Date "2009.02.02"]
[Round "3.35"]
[White "Tiholov, Todor"]
[Black "Georgiev, Krum"]
[Result "1-0"]
[WhiteElo "2056"]
[BlackElo "2465"]
[PlyCount "51"]
[EventDate "2009.02.01"]

1. e4 c5 2. Nf3 d6 3. d4 cxd4 4. Nxd4 Nf6 5. Nc3 a6 6. Bg5 e6 7. Qd2 Nbd7 8.
O-O-O b5 9. a3 Bb7 10. f3 Be7 11. h4 Rc8 12. g4 Nb6 13. Rg1 O-O 14. Bxf6 Bxf6
15. g5 Be7 16. h5 Rxc3 17. Qxc3 Bxg5+ 18. Kb1 Bf6 19. Qe3 Qc7 20. Rd2 d5 21.
Rdg2 Kh8 22. Rxg7 Qe5 23. R7g4 Qxd4 24. Qc1 Be7 25. Qh6 Qf6 26. Qxf8+ 1-0

[Event "31st Bulgarian Open Chmpionshi"]
[Site "Plovdiv, Bulgaria"]
[Date "2009.02.02"]
[Round "3.36"]
[White "Popchev, Milko"]
[Black "Pezelj, Sinisa"]
[Result "1-0"]
[WhiteElo "2444"]
[BlackElo "2056"]
[PlyCount "91"]
[EventDate "2009.02.01"]

1. Nc3 c6 2. e4 d6 3. d4 e5 4. Be3 Nd7 5. g3 g6 6. Bg2 Bg7 7. Nge2 Ngf6 8. h3
O-O 9. a4 a5 10. O-O Qc7 11. g4 Nb6 12. g5 Nfd7 13. b3 Re8 14. Qd2 Nf8 15. f4
exf4 16. Rxf4 Ne6 17. Rf2 Bd7 18. Raf1 Re7 19. h4 Rae8 20. Nd1 Nc8 21. Nb2 c5
22. d5 Bxb2 23. dxe6 Bxe6 24. c3 Bxb3 25. Qxb2 Bxa4 26. c4 Bc6 27. Nc3 Nb6 28.
Qa2 Nd7 29. Bf4 Ne5 30. Bxe5 dxe5 31. Rf6 Rd8 32. Nd5 Bxd5 33. exd5 e4 34. Re1
e3 35. Re2 b6 36. Qb3 Qe5 37. Rxb6 Qf4 38. Qc3 a4 39. Qf6 Qxf6 40. gxf6 Ra7 41.
Ra2 a3 42. Rb3 Ra4 43. Rxe3 Rxc4 44. Rexa3 Kf8 45. Ra8 Ke8 46. Re2+ 1-0

[Event "31st Bulgarian Open Chmpionshi"]
[Site "Plovdiv, Bulgaria"]
[Date "2009.02.02"]
[Round "3.37"]
[White "Elez, Nikola"]
[Black "Lilov, Valeri"]
[Result "1/2-1/2"]
[WhiteElo "2078"]
[BlackElo "2443"]
[PlyCount "111"]
[EventDate "2009.02.01"]

1. e4 e5 2. Nf3 Nc6 3. Nc3 Nf6 4. g3 Bc5 5. Bg2 d6 6. d3 O-O 7. O-O a6 8. Be3
Bg4 9. h3 Bh5 10. g4 Bxe3 11. fxe3 Bg6 12. Qe1 b5 13. Nh4 Nd7 14. Nd5 Ne7 15.
Qg3 c6 16. Nxe7+ Qxe7 17. Nf5 Qe6 18. h4 Rac8 19. Bh3 Bxf5 20. Rxf5 d5 21. exd5
cxd5 22. g5 Qe7 23. Rf2 Rc7 24. Raf1 Nc5 25. h5 Rc6 26. Rf6 Ne6 27. R1f2 d4 28.
Bxe6 Rxe6 29. e4 Kh8 30. h6 gxf6 31. gxf6 Rg8 32. Qxg8+ Kxg8 33. fxe7 Rxe7 34.
Rg2+ Kf8 35. Rg5 Re6 36. Rh5 b4 37. Kf1 Ke7 38. Rh2 Rc6 39. Ke1 Rc5 40. Kd2 Ra5
41. Rg2 Rxa2 42. b3 Ra1 43. Rg7 Rh1 44. Rxh7 Kf6 45. Rh8 Kg5 46. Re8 Kf6 47.
Rb8 Rxh6 48. Rxb4 Kg5 49. Rb7 Rf6 50. Kc1 Rf1+ 51. Kb2 f5 52. exf5 Rxf5 53. Re7
Kf4 54. b4 Rf6 55. Kb3 Rc6 56. Rh7 1/2-1/2

[Event "31st Bulgarian Open Chmpionshi"]
[Site "Plovdiv, Bulgaria"]
[Date "2009.02.02"]
[Round "3.38"]
[White "Miljkovic, Miroslav D"]
[Black "Skoulakis, Charalambos"]
[Result "1-0"]
[WhiteElo "2442"]
[BlackElo "2068"]
[PlyCount "67"]
[EventDate "2009.02.01"]

1. d4 d5 2. c4 c6 3. Nf3 Nf6 4. e3 Bg4 5. Nc3 e6 6. h3 Bxf3 7. Qxf3 Nbd7 8. Bd3
Bd6 9. O-O O-O 10. Rd1 Qe7 11. e4 e5 12. c5 Bb8 13. exd5 exd4 14. d6 Qe5 15.
Bf4 Qxc5 16. Ne4 Nxe4 17. Bxe4 f5 18. Qb3+ Kh8 19. Rac1 fxe4 20. Rxc5 Nxc5 21.
Qg3 Nd3 22. Be5 Nxe5 23. Qxe5 d3 24. Qe7 Bxd6 25. Qxd6 Rad8 26. Qe7 Rfe8 27.
Qxb7 c5 28. Qxa7 Rc8 29. Kf1 Rf8 30. Ke1 c4 31. Qd4 Rfd8 32. Qc3 h6 33. Kd2 Rf8
34. Ke3 1-0

[Event "31st Bulgarian Open Chmpionshi"]
[Site "Plovdiv, Bulgaria"]
[Date "2009.02.02"]
[Round "3.39"]
[White "Valev, Valentin"]
[Black "Dochev, Dimitar"]
[Result "0-1"]
[WhiteElo "1780"]
[BlackElo "2433"]
[PlyCount "72"]
[EventDate "2009.02.01"]

1. e4 e6 2. d4 d5 3. e5 c5 4. Nf3 Nc6 5. Bd3 cxd4 6. O-O Nge7 7. c3 dxc3 8.
Nxc3 Ng6 9. Qe2 Be7 10. Bxg6 fxg6 11. Be3 O-O 12. Nb5 Bd7 13. Nbd4 Qb8 14. Nxc6
bxc6 15. Rfc1 Qb4 16. a3 Qe4 17. Qc2 Qxc2 18. Rxc2 Rab8 19. Rac1 a5 20. Nd2 g5
21. f3 Rb5 22. a4 Rb4 23. b3 d4 24. Bf2 c5 25. Rc4 Rb7 26. R4c2 Be8 27. Ne4 Bg6
28. Rb2 Bxe4 29. fxe4 Rfb8 30. Rcb1 d3 31. Be1 c4 32. Bxa5 Bc5+ 33. Kf1 Bd4 34.
Ra2 Rf8+ 35. Ke1 c3 36. Rd1 Rbf7 0-1

[Event "31st Bulgarian Open Chmpionshi"]
[Site "Plovdiv, Bulgaria"]
[Date "2009.02.03"]
[Round "4.1"]
[White "Spasov, Vasil"]
[Black "Nadj Hedjesi, Balind"]
[Result "1/2-1/2"]
[WhiteElo "2595"]
[BlackElo "2348"]
[PlyCount "68"]
[EventDate "2009.02.01"]

1. e4 c5 2. Nf3 d6 3. d4 Nf6 4. Nc3 cxd4 5. Nxd4 Bd7 6. Be2 Bc6 7. O-O e6 8.
Re1 Be7 9. Bf1 a6 10. Nxc6 Nxc6 11. Bf4 Qc7 12. Nb1 O-O 13. Nd2 Rfd8 14. c3 Nd7
15. Bg3 b5 16. Nb3 Nce5 17. a4 Nc4 18. axb5 axb5 19. Rxa8 Rxa8 20. Nd4 Nxb2 21.
Nxb5 Qc6 22. Qd2 Na4 23. Nxd6 Qxc3 24. Qxc3 Nxc3 25. f3 Bg5 26. Nc4 h5 27. Bf2
Ra2 28. g3 Be7 29. Rc1 Ne2+ 30. Bxe2 Rxe2 31. Rd1 Nf8 32. Rd2 Rxd2 33. Nxd2 g5
34. Kg2 Kg7 1/2-1/2

[Event "31st Bulgarian Open Chmpionshi"]
[Site "Plovdiv, Bulgaria"]
[Date "2009.02.03"]
[Round "4.2"]
[White "Arnaudov, G  Petar"]
[Black "Radulski, Julian"]
[Result "0-1"]
[WhiteElo "2347"]
[BlackElo "2579"]
[PlyCount "84"]
[EventDate "2009.02.01"]

1. d4 d5 2. c4 e6 3. Nc3 Be7 4. Nf3 Nf6 5. Bg5 Nbd7 6. e3 h6 7. Bh4 O-O 8. Bd3
c5 9. O-O cxd4 10. exd4 dxc4 11. Bxc4 Nb6 12. Bb3 Bd7 13. Ne5 Rc8 14. Qd3 Be8
15. Rad1 Nbd5 16. Rfe1 Bc6 17. Nxd5 Bxd5 18. Bxf6 Bxf6 19. Ng4 Bg5 20. Ne3 Bxb3
21. Qxb3 Qa5 22. g3 Rfd8 23. f4 Bf6 24. d5 exd5 25. Nxd5 Bd4+ 26. Ne3 Bxe3+ 27.
Qxe3 Rxd1 28. Rxd1 Qxa2 29. Qa3 Qe6 30. Qxa7 Qe2 31. Qd4 Rc2 32. Qd8+ Kh7 33.
Qd3+ Qxd3 34. Rxd3 Rxb2 35. f5 h5 36. Rd7 f6 37. h4 b5 38. Rb7 b4 39. Kh1 b3
40. Kg1 Kh6 41. Rb6 g6 42. Rxf6 Rc2 0-1

[Event "31st Bulgarian Open Chmpionshi"]
[Site "Plovdiv, Bulgaria"]
[Date "2009.02.03"]
[Round "4.3"]
[White "Vasilev, Milen"]
[Black "Vasovski, Nikola"]
[Result "1/2-1/2"]
[WhiteElo "2502"]
[BlackElo "2328"]
[PlyCount "60"]
[EventDate "2009.02.01"]

1. d4 Nf6 2. Nf3 g6 3. c4 Bg7 4. Nc3 O-O 5. g3 c5 6. d5 d6 7. Bg2 Na6 8. O-O
Nc7 9. h3 a6 10. a4 Rb8 11. a5 e6 12. e4 exd5 13. exd5 b5 14. axb6 Rxb6 15. Ra2
Re8 16. Bg5 h6 17. Bd2 Bf5 18. Na4 Rb8 19. Ba5 Ne4 20. Re1 g5 21. g4 Bg6 22. b3
Qc8 23. Rae2 Nf6 24. Nd2 Rxe2 25. Qxe2 Nce8 26. Qf3 Nd7 27. Ne4 Bd4 28. Qd1 Ne5
29. Bc3 Bxc3 30. Naxc3 Qc7 1/2-1/2

[Event "31st Bulgarian Open Chmpionshi"]
[Site "Plovdiv, Bulgaria"]
[Date "2009.02.03"]
[Round "4.4"]
[White "Stoinev, Metodi"]
[Black "Antic, Dejan"]
[Result "0-1"]
[WhiteElo "2324"]
[BlackElo "2495"]
[PlyCount "105"]
[EventDate "2009.02.01"]

1. e4 e6 2. d4 d5 3. Nc3 Nf6 4. Bg5 dxe4 5. Nxe4 Nbd7 6. Nf3 h6 7. Bh4 Be7 8.
Nxf6+ Bxf6 9. Bxf6 Qxf6 10. Bd3 c5 11. c3 cxd4 12. cxd4 O-O 13. O-O Qd8 14. Qe2
Nf6 15. Rfd1 b6 16. Ba6 Bxa6 17. Qxa6 Qc8 18. Qe2 Qb7 19. Rac1 Rfd8 20. h3 Rac8
21. Qe1 Qe4 22. Qxe4 Nxe4 23. Kf1 Kf8 24. Ke2 Nf6 25. a3 Nd5 26. g3 f6 27. Kd2
Ke7 28. Rxc8 Rxc8 29. Rc1 Rd8 30. Kd3 g5 31. Rc4 h5 32. h4 Rf8 33. hxg5 fxg5
34. Nxg5 Rxf2 35. Rc6 Rf6 36. Rc8 Rf5 37. Rg8 Kf6 38. Ne4+ Kf7 39. Ra8 Rf3+ 40.
Kd2 Rb3 41. Rxa7+ Kg6 42. Ra8 Rxb2+ 43. Ke1 Kf5 44. Nd2 Ra2 45. Rf8+ Kg4 46.
Rg8+ Kh3 47. Rg5 Rxa3 48. Kf2 Nf6 49. Rb5 Ra2 50. Ke1 Nd5 51. Rb3 Rc2 52. Ne4
Kg2 53. Ng5 0-1

[Event "31st Bulgarian Open Chmpionshi"]
[Site "Plovdiv, Bulgaria"]
[Date "2009.02.03"]
[Round "4.5"]
[White "Vasilev, Vasil Aleksandrov"]
[Black "Petrov, Marijan"]
[Result "1/2-1/2"]
[WhiteElo "2306"]
[BlackElo "2477"]
[PlyCount "58"]
[EventDate "2009.02.01"]

1. Nf3 Nf6 2. c4 d6 3. d4 Nbd7 4. Nc3 e5 5. g3 c6 6. dxe5 dxe5 7. Bg2 Be7 8.
O-O O-O 9. b3 a5 10. Qc2 Qc7 11. Bb2 Re8 12. Na4 Bf8 13. c5 Nd5 14. e4 Nb4 15.
Qc3 Na6 16. Nb6 Nxb6 17. cxb6 Qxb6 18. Nxe5 Qc5 19. Nc4 a4 20. e5 Be6 21. Nd6
Qxc3 22. Bxc3 Bxd6 23. exd6 Rad8 24. Rfd1 axb3 25. axb3 Bxb3 26. Rdb1 Bc4 27.
Rxb7 Rxd6 28. Rb6 Red8 29. Rxc6 Rd1+ 1/2-1/2

[Event "31st Bulgarian Open Chmpionshi"]
[Site "Plovdiv, Bulgaria"]
[Date "2009.02.03"]
[Round "4.7"]
[White "Dinev, Dejan"]
[Black "Dimitrov, Pavel"]
[Result "1/2-1/2"]
[WhiteElo "2303"]
[BlackElo "2395"]
[PlyCount "96"]
[EventDate "2009.02.01"]

1. d4 Nf6 2. c4 e6 3. Nf3 Bb4+ 4. Nbd2 a5 5. a3 Bxd2+ 6. Nxd2 Nc6 7. e3 d6 8.
Bd3 Qe7 9. O-O h6 10. Rb1 b6 11. b4 axb4 12. axb4 Nb8 13. f4 Nbd7 14. e4 e5 15.
Nf3 c5 16. bxc5 bxc5 17. fxe5 dxe5 18. d5 g5 19. Bc2 Qd6 20. Bb2 Ke7 21. Qd2
Ne8 22. Ra1 Rxa1 23. Rxa1 f6 24. Ba4 Nb6 25. Bb5 Bd7 26. Qe2 Bxb5 27. cxb5 Nc7
28. Nd2 Ra8 29. Rxa8 Ncxa8 30. Ba3 Nd7 31. Nb3 Qb6 32. Qf2 Qxb5 33. Nxc5 Qb1+
34. Qf1 Qb6 35. h3 Nxc5 36. Qf2 Kd6 37. Qxf6+ Kc7 38. Qxe5+ Kb7 39. Qe7+ Nd7+
40. Kh2 Qb5 41. e5 Qxd5 42. e6 Qe5+ 43. Kh1 Qa1+ 44. Kh2 Qe5+ 45. Kh1 Qe1+ 46.
Kh2 Qe5+ 47. Kh1 Qe1+ 48. Kh2 Qe5+ 1/2-1/2

[Event "31st Bulgarian Open Chmpionshi"]
[Site "Plovdiv, Bulgaria"]
[Date "2009.02.03"]
[Round "4.8"]
[White "Galunov, Todor"]
[Black "Filev, Georgi"]
[Result "1/2-1/2"]
[WhiteElo "2297"]
[BlackElo "2378"]
[PlyCount "21"]
[EventDate "2009.02.01"]

1. Nf3 Nf6 2. g3 g6 3. Bg2 Bg7 4. c4 O-O 5. O-O d5 6. cxd5 Nxd5 7. Nc3 Nc6 8.
Qa4 e5 9. Nxd5 Qxd5 10. Qh4 Qd8 11. Qxd8 1/2-1/2

[Event "31st Bulgarian Open Chmpionshi"]
[Site "Plovdiv, Bulgaria"]
[Date "2009.02.03"]
[Round "4.9"]
[White "Skoko, Milan"]
[Black "Dimitrov, Radoslav"]
[Result "0-1"]
[WhiteElo "2248"]
[BlackElo "2376"]
[PlyCount "102"]
[EventDate "2009.02.01"]

1. f4 d5 2. Nf3 c5 3. g3 Nc6 4. Bg2 g6 5. d3 Bg7 6. O-O e6 7. Nc3 Nge7 8. e4
O-O 9. Kh1 f5 10. e5 d4 11. Nb5 b6 12. Nd6 Ba6 13. b3 Qd7 14. a4 Nd5 15. Bd2 h6
16. Nc4 Kh7 17. h4 Rg8 18. Kg1 Bf8 19. Kf2 Be7 20. Rh1 Rg7 21. Qe2 Rh8 22. Rae1
Kg8 23. Rh2 Kf8 24. Reh1 Rhg8 25. Bf1 g5 26. fxg5 hxg5 27. hxg5 Bxc4 28. dxc4
Ne3 29. Bxe3 dxe3+ 30. Qxe3 Bxg5 31. Qd3 Qxd3 32. Bxd3 Bd8 33. Rh6 Rxg3 34. Bf1
Bc7 35. Rf6+ Ke7 36. Rhh6 Rxf3+ 37. Kxf3 Nd4+ 38. Kf2 Bxe5 39. Rfg6 Rxg6 40.
Rxg6 Nxc2 41. Rh6 Bg7 42. Rh3 Nd4 43. Be2 e5 44. Rg3 Bf6 45. Rg8 e4 46. Ra8
Bh4+ 47. Kf1 f4 48. Rxa7+ Kf6 49. Rb7 f3 50. Rxb6+ Ke5 51. Bd1 Nf5 0-1

[Event "31st Bulgarian Open Chmpionshi"]
[Site "Plovdiv, Bulgaria"]
[Date "2009.02.03"]
[Round "4.10"]
[White "Kukov, Velislav"]
[Black "Janev, Tihomir"]
[Result "1/2-1/2"]
[WhiteElo "2373"]
[BlackElo "2297"]
[PlyCount "27"]
[EventDate "2009.02.01"]

1. Nf3 Nf6 2. c4 e6 3. d4 b6 4. g3 Ba6 5. Qc2 Bb7 6. Bg2 c5 7. d5 exd5 8. Nh4
Nc6 9. cxd5 Nb4 10. Qb3 Bxd5 11. Bxd5 Nbxd5 12. O-O Qe7 13. Rd1 Qe6 14. Na3
1/2-1/2

[Event "31st Bulgarian Open Chmpionshi"]
[Site "Plovdiv, Bulgaria"]
[Date "2009.02.03"]
[Round "4.11"]
[White "Simeonov, Stefan"]
[Black "Bonev, Todor"]
[Result "1-0"]
[WhiteElo "2350"]
[BlackElo "2246"]
[PlyCount "70"]
[EventDate "2009.02.01"]

1. e4 c5 2. Nf3 d6 3. d4 cxd4 4. Nxd4 Nf6 5. Nc3 a6 6. Bc4 e6 7. a3 Nbd7 8. O-O
Nc5 9. f3 Qc7 10. Ba2 b5 11. Bg5 Be7 12. Qd2 h6 13. Be3 O-O 14. Rae1 Bb7 15.
Kh1 Rad8 16. Nce2 d5 17. e5 Qxe5 18. Bf4 Qh5 19. Ng3 Qg6 20. Bb1 Nh5 21. c3
Nxg3+ 22. Bxg3 Qf6 23. Qc2 g6 24. Be5 Qg5 25. b4 Nd7 26. f4 Qh5 27. Rf3 Qh4 28.
Rg3 Nxe5 29. Rxe5 Qf6 30. Rxe6 fxe6 31. Rxg6+ Kf7 32. Rxf6+ Bxf6 33. Qh7+ Bg7
34. Qg6+ Kg8 35. Nxe6 Rd7 1-0

[Event "31st Bulgarian Open Chmpionshi"]
[Site "Plovdiv, Bulgaria"]
[Date "2009.02.03"]
[Round "4.12"]
[White "Chatalbashev, Boris"]
[Black "Dinic, Dragan"]
[Result "1-0"]
[WhiteElo "2560"]
[BlackElo "2315"]
[PlyCount "43"]
[EventDate "2009.02.01"]

1. c4 Nf6 2. Nc3 d5 3. cxd5 Nxd5 4. Nf3 g6 5. Qa4+ Nc6 6. Ne5 Ndb4 7. a3 Bg7 8.
axb4 Bxe5 9. b5 Nb8 10. g3 O-O 11. Bg2 Bg7 12. O-O Qd6 13. d3 c6 14. Bf4 e5 15.
Be3 a6 16. Rfc1 Qd7 17. bxc6 Nxc6 18. Nd5 Qg4 19. Qb3 Qe6 20. Rc4 Rb8 21. Nc7
Qd6 22. Rxc6 1-0

[Event "31st Bulgarian Open Chmpionshi"]
[Site "Plovdiv, Bulgaria"]
[Date "2009.02.03"]
[Round "4.13"]
[White "Stamenkov, Vanco"]
[Black "Rusev, Krasimir"]
[Result "1/2-1/2"]
[WhiteElo "2333"]
[BlackElo "2546"]
[PlyCount "99"]
[EventDate "2009.02.01"]

1. Nf3 Nf6 2. c4 e6 3. g3 d5 4. b3 c5 5. Bg2 Nc6 6. O-O d4 7. e3 Be7 8. exd4
cxd4 9. d3 O-O 10. Re1 Nd7 11. Na3 e5 12. Nc2 f5 13. b4 Bf6 14. b5 Ne7 15. Ba3
Re8 16. Bd6 Ng6 17. c5 a6 18. Nb4 Ndf8 19. Nd5 axb5 20. Nc7 Bd7 21. Qb3+ Kh8
22. Nxe8 Qxe8 23. Nxd4 Ra4 24. Nc2 Bc6 25. Ne3 f4 26. Nd5 Ne6 27. Qd1 Nd4 28.
Nc3 f3 29. Bf1 Ra8 30. Ne4 Qe6 31. Qd2 Qg4 32. h3 Qf5 33. Kh2 h6 34. Nxf6 Qxf6
35. Re3 Nb3 36. Qb2 Nxa1 37. Qxa1 Qf7 38. Bxe5 Rxa2 39. Qe1 b4 40. Bd4 Qd7 41.
Re4 Bxe4 42. Qxe4 b3 43. h4 b2 44. Bh3 Qxd4 45. Qxd4 b1=Q 46. Bf5 Nf8 47. Qd8
Rxf2+ 48. Kh3 Kg8 49. Be6+ Kh7 50. Bf5+ 1/2-1/2

[Event "31st Bulgarian Open Chmpionshi"]
[Site "Plovdiv, Bulgaria"]
[Date "2009.02.03"]
[Round "4.14"]
[White "Stanojoski, Zvonko"]
[Black "Pavlidis, Antonios"]
[Result "1-0"]
[WhiteElo "2493"]
[BlackElo "2278"]
[PlyCount "45"]
[EventDate "2009.02.01"]

1. c4 Nf6 2. g3 g6 3. Bg2 Bg7 4. Nf3 O-O 5. O-O d5 6. cxd5 Nxd5 7. Nc3 Nc6 8.
d4 Nb6 9. d5 Na5 10. e4 e6 11. Bg5 Qe8 12. Qc1 Nac4 13. Bh6 e5 14. Bxg7 Kxg7
15. a4 Bd7 16. a5 Nc8 17. b3 N4d6 18. Re1 a6 19. Na4 c6 20. Nc5 f6 21. Qd2 cxd5
22. exd5 Qf7 23. Rxe5 1-0

[Event "31st Bulgarian Open Chmpionshi"]
[Site "Plovdiv, Bulgaria"]
[Date "2009.02.03"]
[Round "4.15"]
[White "Marholev, Dimitar"]
[Black "Ketzetzis, Georgios"]
[Result "1-0"]
[WhiteElo "2449"]
[BlackElo "2243"]
[PlyCount "85"]
[EventDate "2009.02.01"]

1. e4 c6 2. d4 d5 3. Nd2 dxe4 4. Nxe4 Nd7 5. Nf3 Ngf6 6. Ned2 e6 7. Nc4 b5 8.
Nce5 Nxe5 9. Nxe5 Bd6 10. Nxc6 Qb6 11. Ne5 Bb7 12. a4 O-O 13. axb5 Rfd8 14. Bd3
Bb4+ 15. Kf1 Qxd4 16. Nc6 Qh4 17. Nxd8 Rxd8 18. Ra4 Rd4 19. Be3 Rg4 20. f3 Nd5
21. Bf2 Rxg2 22. Bxh7+ Kh8 23. Qd4 Qh3 24. Rxb4 Qxf3 25. Rb3 Rxf2+ 26. Qxf2
Qxh1+ 27. Qg1 Qxg1+ 28. Kxg1 Kxh7 29. c4 Ne7 30. Rd3 Nc8 31. Rd7 Be4 32. c5 e5
33. Rxf7 Bd3 34. Rf8 Ne7 35. b6 axb6 36. cxb6 Be4 37. b7 Bxb7 38. Rf7 Bd5 39.
Rxe7 e4 40. Kf2 Kg6 41. Re5 Bb7 42. Ke3 Kf6 43. Rxe4 1-0

[Event "31st Bulgarian Open Chmpionshi"]
[Site "Plovdiv, Bulgaria"]
[Date "2009.02.03"]
[Round "4.16"]
[White "Popov, Petar"]
[Black "Popchev, Milko"]
[Result "0-1"]
[WhiteElo "2279"]
[BlackElo "2444"]
[PlyCount "58"]
[EventDate "2009.02.01"]

1. Nf3 d6 2. d4 Bg4 3. c4 c6 4. Nc3 Nf6 5. h3 Bxf3 6. exf3 e6 7. Bd3 d5 8. cxd5
Nxd5 9. O-O g6 10. Qb3 Qb6 11. Nxd5 cxd5 12. Bb5+ Nc6 13. Be3 Bg7 14. Rac1 Rc8
15. Bxc6+ Rxc6 16. Qxb6 Rxb6 17. b3 Kd7 18. Bf4 Rc6 19. Rxc6 bxc6 20. Rd1 Rc8
21. b4 a6 22. Kf1 Ra8 23. a4 Ra7 24. Be3 Rb7 25. Rb1 e5 26. dxe5 Bxe5 27. Bc5
Bd6 28. Bxd6 Kxd6 29. a5 d4 0-1

[Event "31st Bulgarian Open Chmpionshi"]
[Site "Plovdiv, Bulgaria"]
[Date "2009.02.03"]
[Round "4.17"]
[White "Nikolaidis, Konstantinos"]
[Black "Miljkovic, Miroslav D"]
[Result "1/2-1/2"]
[WhiteElo "2264"]
[BlackElo "2442"]
[PlyCount "148"]
[EventDate "2009.02.01"]

1. d4 Nf6 2. c4 g6 3. Nc3 Bg7 4. e4 d6 5. Nf3 O-O 6. Be2 e5 7. O-O Nc6 8. d5
Ne7 9. b4 a5 10. Ba3 axb4 11. Bxb4 Nd7 12. a4 h6 13. Nd2 f5 14. Nb3 fxe4 15.
Nxe4 b6 16. a5 Nc5 17. Nbd2 Bf5 18. Ng3 Na6 19. Bc3 bxa5 20. Rxa5 Nc5 21. Nb3
Nd7 22. Bd3 Rb8 23. Ne4 Nf6 24. Nbd2 Kh8 25. Qe2 Nh5 26. g3 Bh3 27. Rb1 Rxb1+
28. Bxb1 Nf5 29. Qd3 Ne7 30. Bc2 Bf5 31. Qe3 Kh7 32. Ra7 Rf7 33. Rb7 Ng8 34.
Bd3 Nhf6 35. f3 Nxe4 36. Nxe4 Nf6 37. Ba5 Nxe4 38. Bxe4 Qc8 39. Rb1 h5 40. Bd2
Qa6 41. Rc1 Qa2 42. c5 Bxe4 43. fxe4 Qa4 44. c6 Qb5 45. Ra1 Rf8 46. Re1 Qc4 47.
Rc1 Qb5 48. Re1 Kg8 49. Qe2 Qa4 50. Rf1 Rb8 51. Qf3 Qc2 52. Rf2 Rb3 53. Qe2 Ra3
54. Bg5 Qc5 55. Kg2 Qd4 56. Rf3 Ra4 57. Rd3 Qc4 58. Rd2 Qc3 59. Rc2 Qa5 60. Rb2
Rd4 61. Rb8+ Kh7 62. Rb7 Qa4 63. Rxc7 Rxe4 64. Qf3 Qc2+ 65. Kh3 Re2 66. Rxg7+
Kxg7 67. Qf6+ Kg8 68. Qd8+ Kf7 69. Qd7+ Kg8 70. Qe8+ Kg7 71. Qe7+ Kg8 72. Qe6+
Kg7 73. Qe7+ Kg8 74. Qd8+ Kf7 1/2-1/2